Discurso pronunciado por el Señor Don Salvador de Albacete, ex-ministro de Ultramar del Gabinete del Excmo. Sr. D. Arsenio Martínez Campos, en las sesiones del Congreso de los días 13 y 14 de febrero, sobre las reformas de Cuba. (Record no. 21819)

MARC details
000 -LEADER
campo de control de longitud fija 01255nam a2200277 i 4500
001 - NÚMERO DE CONTROL
campo de control 21819
003 - IDENTIFICADOR DE NÚMERO DE CONTROL
campo de control ES-MaACL
005 - FECHA Y HORA DE LA ÚLTIMA TRANSACCIÓN
campo de control 20260216063016.0
007 - CAMPO FIJO DE DESCRIPCIÓN FÍSICA--INFORMACIÓN GENERAL
campo de control de longitud fija t|
008 - DATOS DE LONGITUD FIJA--INFORMACIÓN GENERAL
campo de control de longitud fija 021128q1880 sp |||| | spa d
100 0# - ENTRADA PRINCIPAL--NOMBRE DE PERSONA
Nombre de persona Albacete, Salvador de
9 (RLIN) 19212
245 10 - MENCIÓN DEL TÍTULO
Título Discurso pronunciado por el Señor Don Salvador de Albacete, ex-ministro de Ultramar del Gabinete del Excmo. Sr. D. Arsenio Martínez Campos, en las sesiones del Congreso de los días 13 y 14 de febrero, sobre las reformas de Cuba.
260 ## - PUBLICACIÓN, DISTRIBUCIÓN, ETC.
Lugar de publicación, distribución, etc. [Madrid :
Nombre del editor, distribuidor, etc. s.n.,
Fecha de publicación, distribución, etc. 1880?] (
Fabricante Imp. de Manuel Pérez Montoya y Cía.)
300 ## - DESCRIPCIÓN FÍSICA
Extensión 16 p. ;
Dimensiones 31 cm.
530 ## - NOTA DISPONIBLE DE FORMULARIO FÍSICO ADICIONAL
Nota de formato físico adicional disponible Disponible en formato digital.
594 ## - Nota al título y mención de responsabilidad
Nota al título y mención de responsabilidad Tít. tomado de la cabecera del texto; precede al tít.: Documento parlamentario.
595 ## -
-- Suplemento al n. 378 de El Siglo.
597 ## - NOTA DE DESCRIPCIÓN FÍSICA
NOTA DE DESCRIPCIÓN FÍSICA Texto a dos columnas.
651 #4 - PUNTO DE ACCESO ADICIONAL DE MATERIA--NOMBRE GEOGRÁFICO
Nombre geográfico Cuba-
Subdivisión geográfica Situación económica-
Subdivisión cronológica S.XIX.
9 (RLIN) 167680
651 #4 - PUNTO DE ACCESO ADICIONAL DE MATERIA--NOMBRE GEOGRÁFICO
Nombre geográfico Cuba-
Subdivisión general Historia-
Subdivisión cronológica 1878-1895.
9 (RLIN) 8095
651 #4 - PUNTO DE ACCESO ADICIONAL DE MATERIA--NOMBRE GEOGRÁFICO
Nombre geográfico España-
Subdivisión general Historia-
Subdivisión cronológica 1874-1885, Alfonso XII.
9 (RLIN) 8265
710 1# - ENTRADA AGREGADA--NOMBRE DE ENTIDAD CORPORATIVA
Nombre de entidad corporativa o nombre de jurisdicción como elemento de entrada España.
Unidad subordinada Cortes Generales.
-- Congreso.
9 (RLIN) 3671
852 ## - LOCALIZACIÓN
Ubicación ES-MaACL
Número de control de estantería T-327-F-14
856 ## - LOCALIZACIÓN Y ACCESO ELECTRÓNICOS
Identificador Uniforme de Recursos <a href="http://bdh-rd.bne.es/viewer.vm?id=0000077707&page=1 ">http://bdh-rd.bne.es/viewer.vm?id=0000077707&page=1 </a>
Nota pública Biblioteca Digital Hispánica
Holdings
Estatus retirado Estado de pérdida Estado de daño No para préstamo Colección Biblioteca de origen Biblioteca actual Ubicación en estantería Fecha de adquisición Fuente de adquisición Total de préstamos Signatura topográfica completa Código de barras Visto por última vez Precio de reemplazo Tipo de ítem Koha
        Colección de folletos Biblioteca del Ateneo de Madrid Biblioteca del Ateneo de Madrid Depósito folletos 17/01/2008     T-327-F-14 1022426 23/02/2023 23/02/2023 Folleto